Vista normal Vista MARC

Entrada Materia (tema)

Número de registros utilizados en: 1

001 - CONTROL NUMBER

  • control field: 51395

003 - CONTROL NUMBER IDENTIFIER

  • control field: Co-BoUCM

005 - DATE AND TIME OF LATEST TRANSACTION

  • control field: 20131127090504.0

008 - FIXED-LENGTH DATA ELEMENTS

  • fixed length control field: 131127|| aca||aabn | a|a d

040 ## - CATALOGING SOURCE

  • Original cataloging agency: Co-BoUCM
  • Transcribing agency: Co-BoUCM

150 ## - HEADING--TOPICAL TERM

  • Topical term or geographic name as entry element: Distribución del ingreso
  • Geographic subdivision: África

670 ## - SOURCE DATA FOUND

  • Source citation: Work cat.: (Co-BoUCM)182662: Jerven, Morten 50988, Poor numbers, 2013